Famous Chicago People Quiz Stats

 Plays Quiz not verified by Sporcle

Challenge
Share
Tweet
Embed
Score 0/34 Timer 15:00
0 Plays Today
Hint Person % Correct
44th President of the United StatesBarack Obama
89.5%
Greatest NBA Player of all timeMichael Jordan
88%
Da CoachMike Ditka
81%
I Pity the Fool!Mr. T
80.5%
Famous Gangster, portrayed by Robert DeNiroAl Capone
78.6%
Rapper who likes to interrupt peopleKanye West
76.6%
Held NFL Record for Rushing YardsWalter Payton
72.6%
Famous Film CriticRoger ****
72%
One half of the Blues BrothersJohn Belushi
70.7%
Outspoken manager of the White SoxOzzie Guillen
68.9%
Actor, known for going after gophersBill Murray
68.9%
Disgraced crazy hair governorRod Blagojevich
65.4%
R&B Singer who likes closetsR. Kelly
61.3%
Late girthy SNL alumusChris Farley
59.5%
Hizzoner (Former Mayor)Richard J. Daley
55.4%
Famous architectFrank Lloyd Wright
54.7%
Current Sec. of StateHillary Rodham Clinton
53.6%
Hint Person % Correct
Legendary Cubs/White Sox AnnouncerHarry Caray
52.7%
Actor in Swingers, among othersVince Vaughn
52.5%
Bank Robber, killed outside Chicago theatreJohn Dillinger
51.2%
Director known for his 80's teen moviesJohn Hughes
47%
Actor, most famous for holding up a boom boxJohn Cusack
44.6%
Lead singer of Smashing PumpkinsBilly Corgan
43.8%
Founder of famous magazineHugh Hefner
39.8%
'Unforgettable' singerNat King Cole
37%
Chicago Bear Legend, also starred in 'My Two Dads'Dick Butkus
33.3%
NORM!!!George Wendt
30.9%
Political Activist, former presidental candidateJesse Jackson
26%
Founder of a media empireOprah Winfrey
25.4%
Blues GuitaristBuddy Guy
23.9%
Attorney General under George W. BushJohn Ashcroft
18.2%
Poet, Lincoln biographerCarl Sandburg
17.5%
Nobel Winning PhysicistEnrico Fermi
16.8%
Hi Bob!Bob Newhart
16%

You're not logged in!

Compare scores with friends on all Sporcle quizzes.
Join for Free
OR
Log In

You Might Also Like...

Show Comments

Extras

Created Dec 8, 2009ReportNominate
Tags:Famous Quiz, chicago, person

Top Quizzes Today


Score Distribution

Your Account Isn't Verified!

In order to create a playlist on Sporcle, you need to verify the email address you used during registration. Go to your Sporcle Settings to finish the process.

Report this User

Report this user for behavior that violates our Community Guidelines.

Details: